000
00293nam a2200109Ia 4500
008
220204s9999 xx 000 0 und d
082
_a
929A/Z(ABB)
_b
ABB
100
_a
Abbas, K A
245
0
_a
I am not an island: An experiment in autobiography
260
_a
New Delhi
_b
Vikas
_c
1977
942
_c
BK
999
_c
28774
_d
28774